Rois de France - Statistiques

Statistiques générales
  • Ce quiz a été pris 424 fois
    69 depuis la dernière actualisation
  • Le résultat moyen est 30 sur 91
Statistiques - réponses
Règne Roi Surnom Dynastie Statut % Correct
481 - 511 Clovis I - Mérovingiens Roi des Francs
88%
1643 - 1715 Louis XIV "le Roi Soleil" Bourbons Roi de France et de Navarre
63%
1774 - 1792 Louis XVI - Bourbons Roi de France et de Navarre, puis roi des Français
63%
1715 - 1774 Louis XV "le Bien-Aimé" Bourbons Roi de France et de Navarre
59%
1852 - 1870 Napoléon III - Bonapartes Empereur des Français
56%
987 - 996 Hugues "Capet" Capétiens Roi de Francie
54%
1610 - 1643 Louis XIII "le Juste" Bourbons Roi de France et de Navarre
54%
1804 - 1814 Napoléon I - Bonapartes Empereur des Français
54%
1226 - 1270 Louis IX "le Prudhomme" / "Saint Louis" Capétiens Roi de France
51%
1815 Napoléon II Bonapartes Empereur des Français
51%
1830 - 1848 Louis-Philippe I "le Roi-Citoyen" Maison d'Orléans Roi des Français
49%
1795 Louis XVII - Bourbons Roi des Français
49%
1815 - 1824 Louis XVIII "le Désiré" Bourbons Roi de France et de Navarre
49%
768 - 814 Charles I "le Grand" Carolingiens Roi des Francs, puis empereur d'Occident
46%
1824 - 1830 Charles X - Bourbons Roi de France et de Navarre
46%
1547 - 1559 Henri II - Valois Roi de France
46%
1314 - 1316 Louis X "le Hutin" Capétiens Roi de France et de Navarre
46%
840 - 877 Charles II "le Chauve" Carolingiens Roi des Francs, puis roi de Francie occidentale
44%
1515 - 1547 François I "le Restaurateur des Lettres" Valois Roi de France
44%
1589 - 1610 Henri IV "le Vert-Galant" Bourbons Roi de France et de Navare
44%
1337 - 1080 Louis VII "le Jeune" Capétiens Roi de Francie
44%
1574 - 1589 Henri III - Valois Roi de France
41%
936 - 954 Louis IV "d'Outremer" Carolingiens Roi de Francie
41%
1108 - 1137 Louis VI "le Gros" Capétiens Roi de Francie
41%
1223 - 1226 Louis VIII "le Lion" Capétiens Roi de France
41%
1461 - 1483 Louis XI "le Prudent" Valois Roi de France
41%
1498 - 1515 Louis XII "le Père du Peuple" Valois Roi de France
41%
1560 - 1574 Charles IX - Valois Roi de France
39%
1559 - 1560 François II - Valois Roi de France
39%
877 - 879 Louis II "le Bègue" Carolingiens Roi de Francie occidentale
39%
751 - 768 Pépin III "le Bref" Carolingiens Roi des Francs
39%
1285 - 1314 Philippe IV "le Bel" Capétiens Roi de France et de Navarre
39%
1322 - 1328 Charles IV "le Bel" Capétiens Roi de France et de Navarre
37%
1364 - 1380 Charles V "le Sage" Valois Roi de France
37%
1380 - 1422 Charles VI "le Fol" Valois Roi de France
37%
1483 - 1498 Charles VIII "l'Affable" Valois Roi de France
37%
1422 - 1461 Charles VII "le Victorieux" Valois Roi de France
37%
1031 - 1060 Henri I - Capétiens Roi de Francie
37%
1316 Jean I "le Posthume" Capétiens Roi de France et de Navarre
37%
1350 - 1364 Jean II "le Bon" Valois Roi de France
37%
814 - 840 Louis I "le Pieux" Carolingiens Roi des Francs, puis empereur d'Occident
37%
986 - 987 Louis V "le Fainéant" Carolingiens Roi de Francie
37%
1080 - 1223 Philippe II "Auguste" Capétiens Roi de France
37%
1270 - 1285 Philippe III "le Hardi" Capétiens Roi de France
37%
879 - 882 Louis III - Carolingiens Roi de Francie occidentale
34%
1316 - 1322 Philippe V "le Long" Capétiens Roi de France et de Navarre
34%
884 - 887 Charles III "le Gros" Carolingiens Empereur d'Occident
32%
887 - 898 Eudes - Robertiens Roi de Francie occidentale
32%
1328 - 1350 Philippe VI "le Fortuné" Valois Roi de France
32%
922 - 923 Robert I - Robertiens Roi de Francie
32%
996 - 1031 Robert II "le Pieux" Capétiens Roi de Francie
32%
898 - 922 Charles III "le Simple" Carolingiens Roi de Francie
29%
743 - 751 Childéric III "le Fainéant" Mérovingiens Roi des Francs
29%
511 - 561 Clotaire I "le Vieux" Mérovingiens Roi de Neustrie, puis roi des Francs
29%
1060 - 1108 Philippe I - Capétiens Roi de Francie
29%
923 - 936 Raoul - Bivinides Roi de Francie
29%
768 - 771 Carloman I - Carolingiens Roi des Francs
27%
511 - 524 Clodomir - Mérovingiens Roi de Bourgogne
24%
629 - 639 Dagobert I - Mérovingiens Roi des Francs
24%
584 - 629 Clotaire II "le Jeune" Mérovingiens Roi de Neustrie, puis roi des Francs
24%
721 - 737 Thierry IV - Mérovingiens Roi des Francs
24%
1830 Louis XIX - Bourbons Roi des Français
24%
656 - 662 Clovis II "le Fainéant" Mérovingiens Roi de Neustrie et de Bourgogne
22%
676 - 679 Dagobert II - Mérovingiens Roi d'Austrasie
22%
715 - 721 Chilpéric II - Mérovingiens Roi de Neustrie, puis roi des Francs
22%
954 - 986 Lothaire - Carolingiens Roi de Francie
22%
511 - 534 Thierry I - Mérovingiens Roi d'Austrasie
22%
879 - 884 Carloman II - Carolingiens Roi de Francie occidentale
20%
511 - 558 Childebert I - Mérovingiens Roi d'Aquitaine
20%
561 - 584 Chilpéric I - Mérovingiens Roi de Neustrie
20%
657 - 673 Clotaire III - Mérovingiens Roi de Neustrie et de Bourgogne
20%
656 - 662 Childebert III "l'Adopté" Mérovingiens Roi d'Austrasie
17%
695 - 711 Childebert IV - Mérovingiens Roi des Francs
17%
662 - 675 Childéric II - Mérovingiens Roi d'Austrasie, puis roi des Francs
17%
711 - 715 Dagobert III - Mérovingiens Roi des Francs
17%
575 - 596 Childebert II - Mérovingiens Roi d'Austrasie
17%
596 - 613 Thierry II - Mérovingiens Roi d'Austrasie
17%
1830 Henri V - Bourbons Roi des Français
17%
675 - 691 Thierry III - Mérovingiens Roi de Neustrie, puis roi des Francs
17%
675 - 676 Clovis III - Mérovingiens Roi d'Austrasie
15%
561 - 575 Sigebert I - Mérovingiens Roi d'Austrasie
15%
561 - 567 Caribert I - Mérovingiens Roi d'Aquitaine
15%
717 - 719 Clotaire IV - Mérovingiens Roi d'Austrasie
15%
561 - 592 Gontran - Mérovingiens Roi de Bourgogne
15%
548 - 555 Thibaut - Mérovingiens Roi d'Austrasie
15%
629 - 632 Caribert II - Mérovingiens Roi d'Aquitaine
12%
691 - 695 Clovis IV - Mérovingiens Roi des Francs
12%
596 - 612 Thibert II - Mérovingiens Roi d'Austrasie
12%
613 Sigebert II - Mérovingiens Roi d'Austrasie
12%
639 - 656 Sigebert III - Mérovingiens Roi d'Austrasie
12%
534 - 548 Thibert I - Mérovingiens Roi d'Austrasie
12%
Aucun quiz correspondant
Distribution des résultats
% des personnes avec chaque résultat
Percentile par nombre de réponses
Votre historique - résultats
Vous n’avez pas pris ce quiz depuis la dernière actualisation